000 00567nam a2200205 a 4500
001 000032307
003 DO-SdBNP
005 20220921154046.0
007 ta
008 110714s1945 mx 000 0 spa d
040 _aDO-SdBNP
_bspa
_cBNPHU
049 _aBNPD
082 4 _222
100 1 _aMedina Echavarría, José,
_d1903-1977
_951250
245 1 0 _aConsideraciones sobre el tema de la paz /
_cJosé Medina Echavarría.
260 _aMéxico :
_bBanco de México,
_c1945.
300 _a181 p. :
_b22 cm.
590 _aInventariado, 2022/BT
942 _2ddc
_cLBS1
999 _c31798
_d31798